Top ten most visited websites(2017) Quiz Stats

 Plays Quiz not verified by Sporcle

Support Sporcle.
Go Orange.
Score 0/10 Timer 10:00
0 Plays Today
Hint Answer % Correct
1Google.com
87.1%
3Facebook
83.9%
2Youtube.com
77.4%
6Yahoo.com
67.7%
5Wikipedia
48.4%
8Reddit
38.7%
9Qq.com
6.5%
7Google.co.in
6.5%
10Taobao.com
3.2%
4Baidu.com
3.2%

You're not logged in!

Compare scores with friends on all Sporcle quizzes.
OR
Log In
Forgot?

From the Vault

Name That Mullet

by posey4prez

It's Sporcle in front, party in the back.
Remove Ads.
Support Sporcle.
Get the best of Sporcle when you Go Orange. This ad-free experience offers more features, more stats, and more fun while also helping to support Sporcle. Thank you for becoming a member.

Show Comments

Extras

Created Dec 9, 2018ReportNominate
Tags:2017, ten, Visited

Top Quizzes Today


Score Distribution

Your Account Isn't Verified!

In order to create a playlist on Sporcle, you need to verify the email address you used during registration. Go to your Sporcle Settings to finish the process.

Report this User

Report this user for behavior that violates our Community Guidelines.

Details: